शहीद गाथा / (Record no. 114956)

MARC details
000 -LEADER
fixed length control field 01095nam a22002657a 4500
005 - DATE AND TIME OF LATEST TRANSACTION
control field 20170124103016.0
010 ## - LIBRARY OF CONGRESS CONTROL NUMBER
LC control number B-142299
020 ## - INTERNATIONAL STANDARD BOOK NUMBER
Terms of availability 200.00
International Standard Book Number 8190155105
035 ## - SYSTEM CONTROL NUMBER
System control number B-142299
037 ## - SOURCE OF ACQUISITION
Source of stock number/acquisition Cen Lib/Ret
040 ## - CATALOGING SOURCE
Original cataloging agency DPL
Language of cataloging HN
082 ## - DEWEY DECIMAL CLASSIFICATION NUMBER
Classification number
Item number फास्टहा
100 ## - MAIN ENTRY--PERSONAL NAME
Personal name फास्ट, हावर्ड
9 (RLIN) 59163
245 ## - TITLE STATEMENT
Title शहीद गाथा /
Statement of responsibility, etc हावर्ड फास्ट; अनुवादक उदयकांत पाठक
246 ## - VARYING FORM OF TITLE
Title proper/short title Shaheed gatha /
Remainder of title by Howard Fast; anuvadak Udaykant Pathak
260 ## - PUBLICATION, DISTRIBUTION, ETC. (IMPRINT)
Place of publication, distribution, etc दिल्ली
Name of publisher, distributor, etc सर्वोदय प्रकाशन
Date of publication, distribution, etc 2004
270 ## - ADDRESS
Address 512-बी, गली-2, विश्वास नगर
City दिल्ली
Postal code 110032
300 ## - PHYSICAL DESCRIPTION
Extent 184पृ.
Dimensions 21सेमी (सजिल्द)
650 ## - SUBJECT ADDED ENTRY--TOPICAL TERM
Topical term or geographic name as entry element हिन्दी साहित्य
9 (RLIN) 59164
650 ## - SUBJECT ADDED ENTRY--TOPICAL TERM
Topical term or geographic name as entry element उपन्यास
9 (RLIN) 59165
650 ## - SUBJECT ADDED ENTRY--TOPICAL TERM
Topical term or geographic name as entry element Hindi literature
9 (RLIN) 59166
650 ## - SUBJECT ADDED ENTRY--TOPICAL TERM
Topical term or geographic name as entry element Fiction
9 (RLIN) 8901
700 ## - ADDED ENTRY--PERSONAL NAME
Personal name पाठक, उदयकांत
9 (RLIN) 59167
942 ## - ADDED ENTRY ELEMENTS (KOHA)
Source of classification or shelving scheme Dewey Decimal Classification
Koha item type Hindi Books
Classification part
Call number suffix फास्टहा
Holdings
Withdrawn status Lost status Damaged status Not for loan Home library Current library Date acquired Source of acquisition Cost, normal purchase price Total Checkouts Full call number Barcode Date last seen Copy number Cost, replacement price Price effective from Koha item type
        Central Library Central Library 19/08/2015 Cen Lib/Ret 200.00   उ फास्टहा B-142299 19/08/2015 1 200.00 19/08/2015 Hindi Books

© Delhi Public Library
Hit Counter
free hit counter